Les plus grandes villes de l’Empire romain - Statistiques

Statistiques générales
  • Ce quiz a été pris 91 fois
    58 depuis la dernière actualisation
  • Le résultat moyen est 13 sur 26
Réponses sur la Carte
Les réponses sont colorées sur une échelle allant du rouge au vert en fonction du pourcentage des utilisateurs qui les ont devinées à leur premier essai. Vous pouvez retrouver ces pourcentages ci-dessous.
 
Statistiques - réponses
Réponse % Correct
Rome
100%
Athènes
85%
Milan
77%
Paris
77%
Alexandrie
72%
Istanbul
72%
Londres
72%
Naples
70%
Tunis
68%
Madrid
64%
Alger
62%
Barcelone
62%
Le Caire
60%
Lisbonne
57%
Ankara
51%
Bruxelles
40%
Manchester
32%
Budapest
28%
Tel-Aviv
28%
Damas
26%
Casablanca
23%
Birmingham
19%
Izmir
19%
Amman
6%
Francfort
4%
Rotterdam
2%
Aucun quiz correspondant
Distribution des résultats
% des personnes avec chaque résultat
Percentile par nombre de réponses
Votre historique - résultats
Vous n’avez pas pris ce quiz depuis la dernière actualisation